000 00485nam a2200181 a 4500
001 13505
003 CO-ViMGA
008 141112s2004 ck r 000 u spa d
040 _aCO-ViMGA
_bspa
_cCO-ViMGA
082 0 4 _a843 F855b
100 1 _aFuller, Edmund, ed
_919680
245 1 0 _aBalzac
260 _aNueva York :
_bDell Publishing,
_c1960
300 _a318
650 1 4 _aBALZAC, HONORATO DE - CRITICA E INTERPRETACION
_919681
650 1 4 _aNOVELA FRANCESA
_92629
942 _2ddc
_cBK
999 _c24232
_d24232